The mutiny on the bounty

Bibliographic Details
Main Author: Anderson, David
Other Authors: Lincoln, Margarette
Format: Book
Published: Great Britain : A Macdonald Children's Books , 1989
Subjects:

MARC

LEADER 00000cam a2200000 7i4500
001 0000006049
002 000006538
005 20000330.0
020 |a 0356168980 
090 0 0 |a J 359.1334   |b AND 
100 1 |a Anderson, David 
245 1 4 |a The mutiny on the bounty   |c David Anderson and Margarette Lincoln 
260 |a Great Britain :   |b A Macdonald Children's Books ,   |c 1989 
300 |a 47p. :   |b ill. ;   |c 27cm. 
650 0 0 |a Great Britain   |x Royal Navy   |x Juvenile literature 
700 1 |a Lincoln, Margarette 
999 |a 037880   |b BUKU   |c JUNIOR BOOKS   |e PERPUSTAKAAN KOMUNITI PETALING JAYA